[Event "DSOL 2021"]
[Site "Germany"]
[Date "2021.02.03"]
[Round "2.4"]
[White "Gallasch, Robin"]
[Black "Schulze, Lara"]
[Result "1-0"]
[WhiteElo "2067"]
[BlackElo "2285"]
[Annotator "TA"]
[PlyCount "75"]
[EventDate "2021.01.18"]
[EventType "team-tourn"]
[EventCountry "GER"]
[SourceTitle "playchess.com"]
[Source "ChessBase"]
[SourceQuality "1"]

1. d4 Nf6 2. c4 e6 3. Nf3 b6 4. g3 Ba6 5. b3 Bb4+ 6. Bd2 Be7 7. Bg2 d5 8. Qc2 O-O 9. cxd5 exd5 10. Nc3 c5 11. O-O Nc6 12. Be3 Re8 13. Rad1 c4 14. Ne5 cxb3 15. Qxb3 Na5 16. Qb2 h6 17. Nb5 Bd6 18. Bf4 Bb8 19. Rc1 Bb7 20. Bd2 Re7 21. Bb4 Re8 22. f4 a6 23. Nc3 Ra7 24. Qc2 Nc6 25. Nxc6 Bxc6 26. Nd1 Rc7 27. Qf5 Bd7 28. Qb1 Bb5 29. Nc3 Bc4 30. Rfe1 a5 31. Ba3 b5 32. Bc5 Rb7 33. e4 dxe4 34. Nxe4 Nxe4 35. Bxe4 Bd5 36. Bxd5 Rxe1+ 37. Rxe1 Qxd5 38. Re8# 1-0

[Event "DSOL 2021"]
[Site "Germany"]
[Date "2021.02.04"]
[Round "2.4"]
[White "Strozewski, Frank"]
[Black "Kuepper, Martin"]
[Result "1/2-1/2"]
[WhiteElo "2063"]
[BlackElo "2013"]
[Annotator "TA"]
[PlyCount "73"]
[EventDate "2021.01.18"]
[EventType "team-tourn"]
[EventCountry "GER"]
[SourceTitle "playchess.com"]
[Source "ChessBase"]
[SourceQuality "1"]

1. c4 g6 2. d4 Nf6 3. Nc3 d5 4. Bf4 Bg7 5. e3 O-O 6. h3 c5 7. Be5 Nc6 8. cxd5 Nxd5 9. Bxg7 Kxg7 10. Nxd5 Qxd5 11. dxc5 Qxc5 12. a3 Rd8 13. Qc1 Qd5 14. Nf3 Be6 15. Be2 Rac8 16. Qc3+ f6 17. O-O Qe4 18. Rfd1 Ne5 19. Qa5 Rd5 20. Qxa7 Bxh3 21. Rxd5 Qxd5 22. Rd1 Qc6 23. Qd4 Qc2 24. Nxe5 Qxe2 25. gxh3 Rc2 26. Rf1 fxe5 27. Qxe5+ Kf7 28. Qf4+ Kg7 29. b4 Rc4 30. Qe5+ Kh6 31. f4 Rc2 32. Qg5+ Kg7 33. Qxe7+ Kg8 34. Qe8+ Kg7 35. Qe7+ Kg8 36. Qe8+ Kg7 37. Qe7+ 1/2-1/2

[Event "DSOL 2021"]
[Site "Germany"]
[Date "2021.02.04"]
[Round "2.4"]
[White "Goldinger, Peter"]
[Black "Kasims, Stefans"]
[Result "1-0"]
[WhiteElo "2062"]
[BlackElo "1590"]
[Annotator "TA"]
[PlyCount "71"]
[EventDate "2021.01.18"]
[EventType "team-tourn"]
[EventCountry "GER"]
[SourceTitle "playchess.com"]
[Source "ChessBase"]
[SourceQuality "1"]

1. d4 Nf6 2. c4 g6 3. Nc3 Bg7 4. e4 d6 5. f3 O-O 6. Be3 Nc6 7. Qd2 a6 8. h4 e5 9. Nge2 exd4 10. Nxd4 Ne5 11. Be2 Nh5 12. Bf2 c5 13. Nc2 Be6 14. g4 Nf6 15. Ne3 b5 16. Bg3 h5 17. Bxe5 dxe5 18. Qxd8 Rfxd8 19. g5 Nd7 20. cxb5 axb5 21. Bxb5 Rdb8 22. b3 Ra5 23. a4 f6 24. Ned5 fxg5 25. Ne7+ Kh7 26. Nc6 Rbxb5 27. Nxb5 Ra6 28. Ne7 Bxb3 29. a5 gxh4 30. Nc7 Ra7 31. Ned5 c4 32. Nb5 Ra6 33. Nb4 Ra8 34. a6 Nc5 35. a7 Ba4 36. Na6 1-0

[Event "DSOL 2021"]
[Site "Germany"]
[Date "2021.02.05"]
[Round "2.4"]
[White "Wenzel, Birger"]
[Black "Schmidt, Klaus"]
[Result "1-0"]
[WhiteElo "2034"]
[BlackElo "1874"]
[Annotator "TA"]
[PlyCount "57"]
[EventDate "2021.01.18"]
[EventType "team-tourn"]
[EventCountry "GER"]
[SourceTitle "playchess.com"]
[Source "ChessBase"]
[SourceQuality "1"]
[WhiteTeam "SK Johanneum Eppendorf I"]
[BlackTeam "SK Bickenbach I"]

1. c4 Nf6 2. g3 e6 3. Bg2 d5 4. Nf3 c5 5. cxd5 Nxd5 6. O-O Be7 7. d4 O-O 8. e4 Nf6 9. Nc3 cxd4 10. Nxd4 a6 11. Be3 e5 12. Nf5 Qc7 13. Rc1 Bxf5 14. exf5 Nc6 15. Qb3 Rac8 16. Rfd1 Rfd8 17. Rxd8+ Qxd8 18. Rd1 Qc7 19. Bb6 Qb8 20. Nd5 e4 21. Nxf6+ Bxf6 22. Bxe4 Qe5 23. Bd5 Qxb2 24. Bxf7+ Kh8 25. Qxb2 Bxb2 26. Rd7 Ne5 27. Rxb7 Nxf7 28. Rxf7 Rc6 29. Rf8# 1-0

[Event "DSOL 2021"]
[Site "Germany"]
[Date "2021.02.02"]
[Round "2.4"]
[White "Prieb, Robert"]
[Black "Nurovic, Semir"]
[Result "1-0"]
[WhiteElo "2032"]
[BlackElo "1620"]
[Annotator "TA"]
[PlyCount "99"]
[EventDate "2021.01.18"]
[EventType "team-tourn"]
[EventCountry "GER"]
[SourceTitle "playchess.com"]
[Source "ChessBase"]
[SourceQuality "1"]

1. d4 d5 2. c4 e6 3. Nc3 c6 4. e3 Nf6 5. Nf3 Nbd7 6. Qc2 Bd6 7. g4 Nxg4 8. Rg1 Nxh2 9. Nxh2 Bxh2 10. Rxg7 Qh4 11. Bd2 Nf6 12. Rg2 Ng4 13. O-O-O Bd7 14. f3 f5 15. fxg4 fxg4 16. Bd3 Qh3 17. Be1 Qxe3+ 18. Qd2 Qxd2+ 19. Bxd2 g3 20. Bf4 dxc4 21. Bxc4 Rg8 22. Ne4 Rg6 23. Nxg3 Bxg3 24. Rxg3 Ke7 25. Rxg6 hxg6 26. Bg5+ Kf7 27. Rh1 Rg8 28. Rh7+ Rg7 29. Rh8 Rg8 30. Rxg8 Kxg8 31. Kd2 Kf7 32. Ke3 a5 33. a4 b5 34. axb5 cxb5 35. Ba2 Bc6 36. Bd8 a4 37. Ba5 Bg2 38. Bb4 g5 39. Bb1 Kf6 40. Bd6 Bd5 41. Bd3 Bc6 42. Kd2 g4 43. Kc3 Kg5 44. Bg3 Kf6 45. Kb4 Kg5 46. Bxb5 Bxb5 47. Kxb5 Kf5 48. Kxa4 Ke4 49. b4 Kxd4 50. b5 1-0

[Event "DSOL 2021"]
[Site "Germany"]
[Date "2021.02.04"]
[Round "2.4"]
[White "Bender, Sebastian"]
[Black "Kull, Florian"]
[Result "0-1"]
[WhiteElo "2013"]
[BlackElo "2134"]
[Annotator "TA"]
[PlyCount "72"]
[EventDate "2021.01.18"]
[EventType "team-tourn"]
[EventCountry "GER"]
[SourceTitle "playchess.com"]
[Source "ChessBase"]
[SourceQuality "1"]

1. e4 e6 2. d4 d5 3. Nd2 Nc6 4. Ngf3 Nf6 5. e5 Nd7 6. c3 f6 7. Bb5 fxe5 8. dxe5 Be7 9. Nd4 Nxd4 10. cxd4 O-O 11. Bd3 Qe8 12. Qc2 Qh5 13. Qxc7 Qg4 14. O-O Qxd4 15. Qc2 Nxe5 16. Bxh7+ Kh8 17. Nb3 Qh4 18. Bd3 Bd7 19. f4 Rac8 20. Qe2 Nxd3 21. Qxd3 Bf6 22. Rf3 e5 23. fxe5 Bxe5 24. g3 Qe4 25. Qxe4 dxe4 26. Rxf8+ Rxf8 27. Be3 Bxb2 28. Rb1 Bf6 29. Nc5 Bc6 30. Rb3 b6 31. Na6 Bd5 32. Ra3 Bb2 33. Ra4 Rf3 34. Bf4 e3 35. Nb4 e2 36. Bd2 Rf1# 0-1

[Event "DSOL 2021"]
[Site "Germany"]
[Date "2021.02.02"]
[Round "2.4"]
[White "Helmer, Jan"]
[Black "Schwedek, Tony"]
[Result "1-0"]
[WhiteElo "2010"]
[BlackElo "1974"]
[Annotator "TA"]
[PlyCount "131"]
[EventDate "2021.01.18"]
[EventType "team-tourn"]
[EventCountry "GER"]
[SourceTitle "playchess.com"]
[Source "ChessBase"]
[SourceQuality "1"]

1. Nf3 d5 2. g3 Nf6 3. Bg2 e6 4. O-O c5 5. b3 Nc6 6. Bb2 Be7 7. d3 O-O 8. Nbd2 Qc7 9. e4 dxe4 10. Nxe4 Nxe4 11. dxe4 Rd8 12. Qe2 b6 13. Rad1 Bb7 14. Rxd8+ Rxd8 15. Rd1 Rxd1+ 16. Qxd1 Qd8 17. Qxd8+ Bxd8 18. Ne1 Bc7 19. e5 Kf8 20. f4 Ke7 21. Kf2 Nd8 22. Bxb7 Nxb7 23. Nf3 h6 24. Ke3 Kd7 25. c4 a6 26. Nd2 Na5 27. Bc3 Nc6 28. a3 Ne7 29. g4 Nc6 30. Nf3 b5 31. h4 Ba5 32. Kd3 Bxc3 33. Kxc3 Ne7 34. h5 Kc6 35. Nd2 a5 36. Ne4 Nc8 37. Kd3 a4 38. cxb5+ Kxb5 39. bxa4+ Kxa4 40. Nxc5+ Kxa3 41. Nb7 Ne7 42. Nd8 f5 43. Nxe6 fxg4 44. Nxg7 Kb4 45. Ke4 Kc5 46. f5 g3 47. Ne6+ Kc6 48. Nf4 Kd7 49. Ng2 Nc6 50. Kf4 Ke7 51. Ne3 Kf7 52. e6+ Kf6 53. Ng4+ Kg7 54. f6+ Kf8 55. Kxg3 Nd4 56. e7+ Ke8 57. Nxh6 Nc6 58. Nf5 Ne5 59. Nd6+ Kd7 60. e8=Q+ Kxd6 61. Qxe5+ Kxe5 62. f7 Kf5 63. f8=Q+ Kg5 64. h6 Kg6 65. Kg4 Kh7 66. Qg7# 1-0

[Event "DSOL 2021"]
[Site "Germany"]
[Date "2021.02.01"]
[Round "2.4"]
[White "Gruschinski, Rainer"]
[Black "Becker, Marco"]
[Result "1-0"]
[WhiteElo "1978"]
[BlackElo "1952"]
[Annotator "TA"]
[PlyCount "57"]
[EventDate "2021.01.18"]
[EventType "team-tourn"]
[EventCountry "GER"]
[SourceTitle "playchess.com"]
[Source "ChessBase"]
[SourceQuality "1"]

1. d4 Nf6 2. Nf3 d6 3. Bf4 h6 4. h3 Bf5 5. e3 g5 6. Bh2 Bg7 7. Be2 O-O 8. O-O Nbd7 9. c4 Ne4 10. Nc3 Ndf6 11. Rc1 Rc8 12. Qa4 a6 13. Rfd1 Nxc3 14. Rxc3 Ne4 15. Rcc1 c5 16. a3 Qb6 17. b4 Rfd8 18. bxc5 dxc5 19. Bd3 Qg6 20. Qc2 cxd4 21. g4 dxe3 22. gxf5 exf2+ 23. Kg2 Qh5 24. Bxe4 g4 25. hxg4 Qxg4+ 26. Kxf2 Rxd1 27. Rxd1 b5 28. c5 Qh5 29. c6 1-0

[Event "DSOL 2021"]
[Site "Germany"]
[Date "2021.02.01"]
[Round "2.4"]
[White "Schwenck, Mathias"]
[Black "Edelmann, Oliver"]
[Result "1-0"]
[WhiteElo "1965"]
[BlackElo "1845"]
[Annotator "TA"]
[PlyCount "83"]
[EventDate "2021.01.18"]
[EventType "team-tourn"]
[EventCountry "GER"]
[SourceTitle "playchess.com"]
[Source "ChessBase"]
[SourceQuality "1"]

1. d4 Nf6 2. Bf4 c5 3. e3 Qb6 4. Nc3 a6 5. Nf3 e6 6. Na4 Qa5+ 7. c3 cxd4 8. exd4 d5 9. b4 Qd8 10. Bd3 Bd7 11. Nc5 Qc8 12. O-O b6 13. Nxd7 Nbxd7 14. Qd2 Be7 15. Rfc1 b5 16. a4 bxa4 17. Rxa4 Nb6 18. Ra5 Ne4 19. Qe1 Nc4 20. Raa1 Ned6 21. Bxd6 Bxd6 22. Ra2 O-O 23. Rca1 Qc6 24. Nd2 Nxd2 25. Qxd2 Rfc8 26. Rxa6 Rxa6 27. Rxa6 Qc7 28. g3 Be7 29. Ra3 g6 30. Kg2 e5 31. Be2 Kg7 32. Bf3 e4 33. Bd1 f5 34. h4 h6 35. Qa2 Qd7 36. Ra7 Rc7 37. Rxc7 Qxc7 38. Qxd5 Qxc3 39. Bb3 Qf3+ 40. Kg1 g5 41. Qf7+ Kh8 42. Qg8# 1-0

[Event "DSOL 2021"]
[Site "Germany"]
[Date "2021.02.03"]
[Round "2.4"]
[White "Kotyk, Michael"]
[Black "Nagel, Bernhard"]
[Result "0-1"]
[WhiteElo "1960"]
[BlackElo "2180"]
[Annotator "TA"]
[PlyCount "96"]
[EventDate "2021.01.18"]
[EventType "team-tourn"]
[EventCountry "GER"]
[SourceTitle "playchess.com"]
[Source "ChessBase"]
[SourceQuality "1"]

1. d4 d5 2. c4 e6 3. Nc3 Be7 4. Nf3 Nf6 5. cxd5 exd5 6. Bg5 c6 7. Qc2 O-O 8. e3 Nbd7 9. Bd3 Re8 10. h3 Ne4 11. Nxe4 dxe4 12. Bxe4 Bxg5 13. Bxh7+ Kh8 14. Qf5 Bh6 15. Qc2 Qa5+ 16. Kf1 Nf8 17. Be4 Be6 18. Ne5 Bd5 19. b4 Qb5+ 20. Kg1 Kg8 21. g4 Bxe4 22. Qxe4 f6 23. h4 fxe5 24. g5 exd4 25. Qxd4 Qe5 26. Qc4+ Re6 27. Rd1 Bxg5 28. hxg5 Qxg5+ 29. Kf1 Qb5 30. Qxb5 cxb5 31. Rh5 a6 32. Rc5 Rc6 33. Re5 Rac8 34. Re7 R6c7 35. Re5 Rc1 36. Ke1 Rxd1+ 37. Kxd1 Kf7 38. Rf5+ Ke6 39. Rg5 g6 40. Kd2 Rd8+ 41. Kc2 Rd5 42. Rg4 Rf5 43. Re4+ Kd7 44. f4 Rd5 45. Kc3 Ne6 46. Kc2 Ng7 47. Kc3 Nf5 48. Kc2 Ng3 0-1

[Event "DSOL 2021"]
[Site "Germany"]
[Date "2021.02.02"]
[Round "2.4"]
[White "Stellmacher, Nico"]
[Black "Beyerlein, Andreas"]
[Result "0-1"]
[WhiteElo "1940"]
[BlackElo "2169"]
[Annotator "TA"]
[PlyCount "148"]
[EventDate "2021.01.18"]
[EventType "team-tourn"]
[EventCountry "GER"]
[SourceTitle "playchess.com"]
[Source "ChessBase"]
[SourceQuality "1"]

1. e4 c5 2. Nf3 d6 3. g3 Nc6 4. Bg2 Nf6 5. d3 e5 6. O-O Be7 7. Nc3 a6 8. Nd5 Nxd5 9. exd5 Nb8 10. c3 O-O 11. Ne1 Nd7 12. f4 exf4 13. Bxf4 Ne5 14. Bxe5 dxe5 15. Qb3 Bd6 16. Nf3 b5 17. Rae1 f6 18. d4 exd4 19. cxd4 c4 20. Qc3 Bb7 21. Nh4 g6 22. Qc2 Kg7 23. Re6 Bc8 24. Rfe1 Bxe6 25. dxe6 Ra7 26. Bc6 Re7 27. Qe4 Bb4 28. Rd1 Qd6 29. d5 Bc5+ 30. Kg2 f5 31. Qf3 Qe5 32. Qc3 Qxc3 33. bxc3 Bd6 34. Nf3 h6 35. Nd4 f4 36. g4 Kh7 37. Kf3 Rb8 38. h4 Rf8 39. Rh1 Be5 40. Ne2 h5 41. gxh5 gxh5 42. Rg1 Bf6 43. Ke4 f3 44. Nf4 f2 45. Rf1 Bxh4 46. Ke5 Bg3 47. Kd6 Rg7 48. Rxf2 Bxf4+ 49. Rxf4 Rxf4 50. Ke5 Rf1 51. d6 Re1+ 52. Be4+ Kg8 53. d7 Rd1 54. Bd5 Rg5+ 55. Kf6 Rgxd5 56. e7 Rd6+ 57. Ke5 R1d5+ 58. Ke4 Rxd7 59. e8=Q+ Kg7 60. Qe6 R7d6 61. Qh3 Kh6 62. Qe3+ Kh7 63. Qf4 Kg6 64. Qg3+ Kf7 65. Qf2+ Ke6 66. Qf8 Kd7 67. Qf7+ Kc8 68. Qe8+ Kb7 69. Qf7+ Kb6 70. Qf2+ Ka5 71. Qb2 h4 72. Qh2 Rd2 73. Qxh4 Rxa2 74. Qe7 Re2+ 0-1

[Event "DSOL 2021"]
[Site "Germany"]
[Date "2021.02.01"]
[Round "2.4"]
[White "Schult, Ronald"]
[Black "Johanssen, Torsten"]
[Result "1-0"]
[WhiteElo "1925"]
[BlackElo "1877"]
[Annotator "TA"]
[PlyCount "103"]
[EventDate "2021.01.18"]
[EventType "team-tourn"]
[EventCountry "GER"]
[SourceTitle "playchess.com"]
[Source "ChessBase"]
[SourceQuality "1"]

1. e4 Nf6 2. Nc3 e5 3. Nf3 Bb4 4. Bc4 O-O 5. O-O Bxc3 6. bxc3 d6 7. Re1 Qe7 8. h3 Be6 9. Bb3 Nc6 10. d4 Bxb3 11. cxb3 exd4 12. cxd4 Rfe8 13. Bb2 Rad8 14. Re3 Rd7 15. Qe2 a6 16. Re1 Qd8 17. d5 Ne5 18. Nd4 c5 19. dxc6 Nxc6 20. Nxc6 bxc6 21. Qxa6 Qa8 22. Qe2 Ra7 23. a3 Rae7 24. Bxf6 gxf6 25. Qf3 Re6 26. a4 Qa5 27. Qf5 Qxf5 28. exf5 Re5 29. g4 Kf8 30. Kg2 Rb8 31. Rb1 Rb4 32. Rxe5 fxe5 33. a5 Ke7 34. a6 Rb8 35. Ra1 Kd7 36. a7 Ra8 37. g5 d5 38. b4 Kd6 39. Ra6 Kc7 40. h4 Kb7 41. Ra3 e4 42. Kg3 d4 43. Kf4 d3 44. Ke3 Kb6 45. f3 Kb5 46. fxe4 d2 47. Kxd2 Kxb4 48. Ra6 c5 49. Rb6+ Kc4 50. Rb7 Kd4 51. Re7 c4 52. h5 1-0

[Event "DSOL 2021"]
[Site "Germany"]
[Date "2021.02.05"]
[Round "2.4"]
[White "Spiel, Marianne"]
[Black "Kuerschner, Matthias"]
[Result "0-1"]
[WhiteElo "1869"]
[BlackElo "1978"]
[Annotator "TA"]
[PlyCount "128"]
[EventDate "2021.01.18"]
[EventType "team-tourn"]
[EventCountry "GER"]
[SourceTitle "playchess.com"]
[Source "ChessBase"]
[SourceQuality "1"]
[WhiteTeam "Bayern München II Amazonen"]
[BlackTeam "SK Langen I"]

1. e4 c5 2. Nf3 Nc6 3. d4 cxd4 4. Nxd4 g6 5. Be3 Bg7 6. Qd2 Nf6 7. f3 d5 8. Nxc6 bxc6 9. Nc3 O-O 10. O-O-O Be6 11. Kb1 dxe4 12. fxe4 Qb8 13. Bd3 Rd8 14. Qe1 Bg4 15. Rc1 Qb7 16. Ka1 Rab8 17. Rb1 a5 18. Bf4 Ra8 19. h3 Be6 20. Be5 a4 21. a3 Qb6 22. Qg1 Qa5 23. Bd4 Rab8 24. Nd1 Nd7 25. Bxg7 Kxg7 26. Qd4+ Ne5 27. Qc3 Qxc3 28. Nxc3 Nxd3 29. cxd3 Rxd3 30. Nxa4 Rd2 31. Nc5 Bc4 32. Rhc1 Bb5 33. g3 Bd3 34. Rd1 Rbxb2 35. Rxd2 Rxd2 36. Rc1 Be2 37. a4 Rd8 38. Rc3 Ra8 39. Kb2 h5 40. Ka3 Kf6 41. Nd7+ Ke6 42. Nb6 Ra6 43. Rxc6+ Ke5 44. Nc4+ Bxc4 45. Rxc4 f5 46. exf5 Kxf5 47. Rf4+ Ke5 48. Kb4 g5 49. Rc4 Rb6+ 50. Kc3 Rb1 51. Rc5+ Kf6 52. Kc2 Ra1 53. Kb3 e5 54. a5 Kf5 55. Kb4 h4 56. gxh4 gxh4 57. Kb5 Kf4 58. Rc3 e4 59. a6 e3 60. Rxe3 Kxe3 61. Kb6 Kf3 62. a7 Kg3 63. Kb7 Kxh3 64. a8=Q Rxa8 0-1

[Event "DSOL 2021"]
[Site "Germany"]
[Date "2021.02.01"]
[Round "2.4"]
[White "Rudolph, Lukas"]
[Black "Sabrowski, Uwe"]
[Result "0-1"]
[WhiteElo "1864"]
[BlackElo "1723"]
[Annotator "NA RC"]
[PlyCount "94"]
[EventDate "2021.01.18"]
[EventType "team-tourn"]
[EventCountry "GER"]
[SourceTitle "playchess.com"]
[Source "ChessBase"]
[SourceQuality "1"]

1. e4 c5 2. Nc3 e6 3. g3 d5 4. exd5 exd5 5. d4 cxd4 6. Qxd4 Nf6 7. Bg5 Be7 8. Bg2 Nc6 9. Qd2 O-O 10. Nf3 d4 11. Bxf6 Bxf6 12. Ne2 Qb6 13. O-O Bf5 14. Rab1 Rfd8 15. Nf4 Nb4 16. a3 Nxc2 17. Nh4 Bxh4 18. gxh4 Rac8 19. Nd5 Qe6 20. Nf4 Qh6 21. Bxb7 Rb8 22. Bg2 d3 23. Rfd1 Nd4 24. Nd5 Qxd2 25. Rxd2 Nb3 26. Rdd1 Kf8 27. Ne3 Bg6 28. Bd5 d2 29. Bxb3 Rxb3 30. Ra1 Bh5 31. Nc4 Bxd1 32. Rxd1 Rd4 33. Na5 Rxb2 34. Kf1 Rxh4 35. Ke2 Rxh2 36. Nc4 Ra2 37. Nxd2 Rh4 38. f3 Rd4 39. Ke3 Raxd2 40. Rxd2 Rxd2 41. Kxd2 g5 42. Ke3 Ke7 43. Ke4 Ke6 44. a4 h5 45. f4 g4 46. f5+ Kf6 47. Kf4 a5 0-1

[Event "DSOL 2021"]
[Site "Germany"]
[Date "2021.02.02"]
[Round "2.4"]
[White "Wirfs, Joachim"]
[Black "Hazelton, Martin L"]
[Result "0-1"]
[WhiteElo "1855"]
[BlackElo "2205"]
[Annotator "TA"]
[PlyCount "110"]
[EventDate "2021.01.18"]
[EventType "team-tourn"]
[EventCountry "GER"]
[SourceTitle "playchess.com"]
[Source "ChessBase"]
[SourceQuality "1"]

1. d4 e6 2. c4 f5 3. Bf4 Nf6 4. e3 d5 5. Nc3 c6 6. Bd3 Be7 7. Nge2 b6 8. O-O O-O 9. Rc1 Ne4 10. f3 Nxc3 11. bxc3 Bb7 12. Rb1 Bf6 13. cxd5 cxd5 14. a4 Nc6 15. c4 Na5 16. c5 Rc8 17. Bd6 Re8 18. Bb5 Bc6 19. Ba6 Ra8 20. Qc2 Be7 21. Bg3 bxc5 22. dxc5 Qd7 23. Rb4 Bg5 24. f4 Bf6 25. Rfb1 Qc7 26. Nd4 Bxd4 27. exd4 Rab8 28. Be1 Rbd8 29. Bd2 Qd7 30. Qd1 Qf7 31. Qe2 Qd7 32. Qd1 Nc4 33. Bxc4 dxc4 34. Be3 e5 35. fxe5 Rxe5 36. Bf4 Rxc5 37. Rb8 Bxa4 38. Rxd8+ Qxd8 39. Qxa4 Qxd4+ 40. Kh1 h6 41. Qe8+ Kh7 42. Be3 Qd3 43. Rc1 Rd5 44. h4 Rd8 45. Qe5 Rd5 46. Qc3 Qe4 47. Bxa7 Qxh4+ 48. Kg1 Rd7 49. Bb6 Rd3 50. Qxc4 Rd1+ 51. Rxd1 Qxc4 52. Bf2 Qg4 53. Rd7 f4 54. Ra7 f3 55. g3 Qh3 0-1

[Event "DSOL 2021"]
[Site "Germany"]
[Date "2021.02.01"]
[Round "2.4"]
[White "Hirschberg, Markus"]
[Black "Hellrung, Bernhard"]
[Result "0-1"]
[WhiteElo "1837"]
[BlackElo "1927"]
[Annotator "TA"]
[PlyCount "70"]
[EventDate "2021.01.18"]
[EventType "team-tourn"]
[EventCountry "GER"]
[SourceTitle "playchess.com"]
[Source "ChessBase"]
[SourceQuality "1"]

1. e4 d6 2. d4 Nf6 3. Nc3 Nbd7 4. Be2 e5 5. Nf3 Be7 6. O-O O-O 7. Bg5 exd4 8. Nxd4 Nc5 9. f3 Ne6 10. Be3 Nxd4 11. Bxd4 c6 12. Qe1 b5 13. a3 a5 14. Qf2 Be6 15. Rfd1 Qc7 16. Kh1 b4 17. Na4 c5 18. Be3 Qc6 19. e5 dxe5 20. Nxc5 Rfc8 21. Nxe6 Qxe6 22. axb4 Rxc2 23. Rxa5 Rxa5 24. bxa5 Rxb2 25. a6 Ra2 26. a7 Qb3 27. Qf1 Qxe3 28. Ba6 Qxa7 29. Ra1 Rxa1 30. Qxa1 Qd4 31. Qb1 g6 32. h3 Kg7 33. Qb7 Bc5 34. Kh2 Nh5 35. h4 Qxh4# 0-1

[Event "DSOL 2021"]
[Site "Germany"]
[Date "2021.02.05"]
[Round "2.4"]
[White "Poggemann, Alexander"]
[Black "Stephan, Victor"]
[Result "1-0"]
[WhiteElo "1813"]
[BlackElo "2430"]
[Annotator "TA"]
[PlyCount "95"]
[EventDate "2021.01.18"]
[EventType "team-tourn"]
[EventCountry "GER"]
[SourceTitle "playchess.com"]
[Source "ChessBase"]
[SourceQuality "1"]
[WhiteTeam "SV Hemer"]
[BlackTeam "SC Wrist-Kellinghusen"]

1. e4 e6 2. d4 d5 3. exd5 exd5 4. Nf3 Bd6 5. c4 Nf6 6. c5 Be7 7. Bd3 b6 8. Qc2 O-O 9. O-O bxc5 10. dxc5 Na6 11. Bxa6 Bxa6 12. Re1 c6 13. Nd4 Qd7 14. Bg5 Rfe8 15. Nd2 Rac8 16. Nf5 Bf8 17. Bxf6 gxf6 18. Nf3 Re6 19. N3d4 Re5 20. b4 Rce8 21. Qc3 Bd3 22. Rxe5 fxe5 23. Qxd3 exd4 24. Nxd4 Bg7 25. Rb1 Bxd4 26. Qxd4 Qf5 27. Rd1 Re4 28. Qc3 Qg4 29. Re1 d4 30. Qc1 d3 31. Rd1 Qe2 32. h3 h6 33. Rd2 Rd4 34. a3 Qe4 35. Qd1 h5 36. Kf1 a6 37. Qxh5 Rc4 38. Qd1 Rc3 39. Qe1 Qc4 40. Kg1 Rxa3 41. Qe8+ Kg7 42. Qe5+ Kg8 43. Rd1 Rc3 44. Qg5+ Kf8 45. Qh6+ Kg8 46. Re1 Qe6 47. Rxe6 fxe6 48. Qg6+ 1-0

[Event "DSOL 2021"]
[Site "Germany"]
[Date "2021.02.05"]
[Round "2.4"]
[White "Hafensteiner, Tim"]
[Black "Degel, Steven"]
[Result "0-1"]
[WhiteElo "1750"]
[BlackElo "1893"]
[Annotator "NA RC"]
[PlyCount "86"]
[EventDate "2021.01.18"]
[EventType "team-tourn"]
[EventCountry "GER"]
[SourceTitle "playchess.com"]
[Source "ChessBase"]
[SourceQuality "1"]
[WhiteTeam "Biebertaler SF"]
[BlackTeam "SG Arnstadt-Stadtilm"]

1. e4 c5 2. Nc3 Nc6 3. Nf3 d6 4. d4 cxd4 5. Nxd4 Nf6 6. g3 g6 7. Bg2 Nxd4 8. Qxd4 Bg7 9. O-O O-O 10. Bg5 Ng4 11. Qd2 h6 12. Bf4 e5 13. Be3 Nxe3 14. Qxe3 h5 15. Rad1 Be6 16. Nd5 Kh7 17. Qe2 h4 18. b3 a6 19. Rd3 hxg3 20. fxg3 b5 21. Rfd1 Rc8 22. Ne3 Rc6 23. Kh1 b4 24. Bf3 Bh6 25. Ng4 Bg7 26. Nf2 Qc7 27. c4 bxc3 28. Rc1 c2 29. Bg4 f5 30. exf5 gxf5 31. Bf3 Rc5 32. Ne4 fxe4 33. Bxe4+ Kg8 34. Qh5 Rf7 35. Bg6 Qc6+ 36. Kg1 e4 37. Qh7+ Kf8 38. Bxe4 Qb6 39. Kg2 Rc3 40. Rd2 Qe3 41. Rdxc2 Bd4 42. Qg6 Rxc2+ 43. Rxc2 Qg1# 0-1

[Event "DSOL 2021"]
[Site "Germany"]
[Date "2021.02.04"]
[Round "2.4"]
[White "Guo, Philipp Ziming"]
[Black "von Knobloch, Benedikt"]
[Result "1/2-1/2"]
[WhiteElo "1728"]
[BlackElo "1516"]
[Annotator "NA RC"]
[PlyCount "112"]
[EventDate "2021.01.18"]
[EventType "team-tourn"]
[EventCountry "GER"]
[SourceTitle "playchess.com"]
[Source "ChessBase"]
[SourceQuality "1"]

1. e4 c5 2. Nf3 e6 3. d4 cxd4 4. Nxd4 Nc6 5. Nc3 a6 6. Nxc6 bxc6 7. Bd3 d5 8. O-O Nf6 9. Re1 Be7 10. e5 Nd7 11. Qg4 g6 12. Bh6 Rb8 13. Nd1 Qc7 14. Qf4 Rb4 15. c4 Rg8 16. h4 dxc4 17. a3 Rb5 18. Bxc4 Rxe5 19. Ne3 Qb8 20. b4 Rh5 21. Qxb8 Nxb8 22. Bg5 h6 23. Bxe7 Kxe7 24. g3 Re5 25. Bd3 g5 26. Nf5+ Rxf5 27. Bxf5 gxh4 28. Kg2 hxg3 29. fxg3 h5 30. Kf2 Rg5 31. Bd3 Bb7 32. Rac1 Nd7 33. Rc3 Kd6 34. Be4 a5 35. Rd1+ Kc7 36. bxa5 Rxa5 37. Bf3 f6 38. Rh1 c5 39. Bxb7 Kxb7 40. Rxh5 Kc6 41. Rh6 Kd6 42. Ke2 Nb6 43. Rh4 c4 44. Kd2 Ra4 45. Rf4 Kc5 46. Re4 e5 47. Kc2 Kd5 48. Rh4 e4 49. g4 Kd4 50. Rh8 Nd5 51. Rd8 Ke5 52. Rh3 Nf4 53. Re8+ Kd4 54. Rd8+ Ke5 55. Re8+ Kd4 56. Rd8+ Ke5 1/2-1/2

[Event "DSOL 2021"]
[Site "Germany"]
[Date "2021.02.01"]
[Round "2.4"]
[White "Noreisch, Reiner"]
[Black "Lin, Yi"]
[Result "0-1"]
[WhiteElo "1719"]
[BlackElo "2408"]
[Annotator "TA"]
[PlyCount "88"]
[EventDate "2021.01.18"]
[EventType "team-tourn"]
[EventCountry "GER"]
[SourceTitle "playchess.com"]
[Source "ChessBase"]
[SourceQuality "1"]

1. c4 d6 2. Nc3 Nf6 3. g3 Nbd7 4. Bg2 c6 5. e4 e5 6. Nge2 Be7 7. O-O O-O 8. d4 Qc7 9. d5 c5 10. f4 a6 11. Qd3 Re8 12. h3 Bf8 13. f5 h6 14. Qf3 Nh7 15. h4 Qd8 16. Qg4 Ndf6 17. Qh3 b5 18. cxb5 axb5 19. Nxb5 Ba6 20. Nbc3 Be7 21. g4 Nd7 22. g5 hxg5 23. h5 f6 24. h6 gxh6 25. Qxh6 Bf8 26. Qh3 Re7 27. Kf2 Rg7 28. Bf3 Qb6 29. Rh1 c4+ 30. Kf1 Nc5 31. Be3 Raa7 32. Na4 Qb4 33. Nxc5 dxc5 34. Bc1 c3 35. bxc3 Qxc3 36. Rb1 Qc2 37. Ra1 g4 38. Bxg4 Rxg4 39. Qxg4+ Rg7 40. Qf3 Qd1+ 41. Kf2 Qc2 42. Rh2 Bxe2 43. Qxe2 Qc3 44. Bb2 Qg3+ 0-1

[Event "DSOL 2021"]
[Site "Germany"]
[Date "2021.02.03"]
[Round "2.4"]
[White "Blomel, Christopher"]
[Black "Horatschek, Martin jr."]
[Result "1-0"]
[WhiteElo "1695"]
[BlackElo "1620"]
[Annotator "NA RC"]
[PlyCount "47"]
[EventDate "2021.01.18"]
[EventType "team-tourn"]
[EventCountry "GER"]
[SourceTitle "playchess.com"]
[Source "ChessBase"]
[SourceQuality "1"]

1. e4 c5 2. b3 d6 3. Bb2 Nc6 4. f4 Nf6 5. Nc3 e6 6. Qf3 Nd4 7. Qd3 Bd7 8. Nf3 Nxf3+ 9. Qxf3 Qb6 10. e5 Bc6 11. Bb5 Bxb5 12. Nxb5 Qxb5 13. exf6 g6 14. c4 Qb6 15. h4 h5 16. O-O-O O-O-O 17. d4 cxd4 18. Bxd4 Qa5 19. Kb1 Bh6 20. c5 Rhe8 21. cxd6 Qf5+ 22. Kb2 Rxd6 23. Rc1+ Kd8 24. Qxb7 1-0